| 000 | 01089cam a22002771 4500 | ||
|---|---|---|---|
| 001 | f 30000021 | ||
| 003 | DLC | ||
| 005 | 20260227111249.0 | ||
| 008 | 960223s1930 dcuabf b f000 0 eng | ||
| 010 | _af 30000021 | ||
| 035 | _a(OCoLC)34251365 | ||
| 040 |
_aDLC _cAkU _dDLC |
||
| 043 | _an-us-ak | ||
| 050 | 0 | 0 |
_aQL638.C64 _bR6 |
| 100 | 1 |
_aRounsefell, George A. _q(George Armytage), _d1905- |
|
| 245 | 1 | 0 |
_aContribution to the biology of the Pacific herring, Clupea pallasii, _band the condition of the fishery in Alaska. _cBy George A. Rounsefell ... |
| 260 |
_aWashington, _bU.S. Govt. Print. Off., _c1930. |
||
| 300 |
_a1 p.l., p. 227-320 incl. maps, diagrs. _b9 pl. on 6 l. _c28 cm. |
||
| 490 | 1 | _a[United States] Bureau of Fisheries. Doc. no. 1080 | |
| 500 | _aFrom Bulletin of the Bureau of Fisheries, vol. XLV, 1929. | ||
| 504 | _aBibliography: p. 317-320. | ||
| 650 | 0 | _aPacific herring. | |
| 650 | 0 |
_aPacific herring fisheries _zAlaska. |
|
| 830 | 0 |
_aDocument (United States. Bureau of Fisheries) ; _vno. 1080. |
|
| 830 | 0 |
_aBulletin of the Bureau of Fisheries ; _vv. 45. |
|
| 999 |
_c23308 _d23308 |
||